[Event "Panevezys op-A"]
[Site "Panevezys"]
[Date "2009.08.19"]
[Round "4"]
[White "Upmanis, Gustavs"]
[Black "Dainauskas, Juozas"]
[Result "0-1"]
[WhiteElo "2004"]
[BlackElo "1938"]
[PlyCount "62"]
[EventDate "2009.08.17"]
[EventType "swiss"]
[EventRounds "9"]
[EventCountry "LTU"]
[SourceTitle "CBM 131 Extra"]
[Source "ChessBase"]
[SourceDate "2009.09.03"]
[SourceVersion "2"]
[SourceVersionDate "2009.09.16"]
[SourceQuality "1"]

1. e4 e6 2. d4 d5 3. Nc3 dxe4 4. Nxe4 Nd7 5. Be2 Be7 6. Bf3 Ngf6 7. Nxf6+ Nxf6 8. Ne2 0-0 9. 0-0 Rb8 10. Bf4 b6 11. Nc3 Ba6 12. Re1 Bd6 13. Be5 Qe7 14. Ne4 Bxe5 15. dxe5 Nxe4 16. Bxe4 Rfd8 17. Qh5 h6 18. Re3 Rd4 19. c3 Rd2 20. Rg3 Kh8 21. h3 Be2 22. f3 Rxb2 23. Kh2 Rd8 24. Rg6 Kg8 25. Rxh6 gxh6 26. Qxh6 f5 27. exf6 Qf7 28. Bg6 Qxf6 29. Qh7+ Kf8 30. Qh6+ Ke7 31. Qc1 Rdd2 0-1